000 00932nam a22001937a 4500
003 OSt
005 20260506012232.0
008 260506b |||||||| |||| 00| 0 eng d
040 _aDWCL GS lib
_cOC
082 _aFic. K26n 1974
100 _aKeene, Carolyn
245 _athe kingmaster's secret
_cCarolyn Keene
260 _aNew York
_bGrosset & Dunlap
_cc1953
300 _a178
_billustrations
_c19cm
520 _aIn The Ringmaster's Secret (#31), Nancy Drew investigates a mysterious bracelet with a missing horse charm, leading her to Sims' Circus. She helps Lolita, an unhappy aerialist adopted by the suspicious Ringmaster Kroon, who possesses the missing charm. Nancy uncovers a plot involving stolen, valuable, hidden, and family secrets, ultimately helping Lolita reclaim her heritage.
546 _aEnglish
700 _aCarolyn Keene
942 _2ddc
_cTEST
_hFic. K26n 1974
_n0
999 _c10270
_d10270